| 000 | 00552nam a22001817a 4500 | ||
|---|---|---|---|
| 003 | OSt | ||
| 005 | 20210405103933.0 | ||
| 008 | 210405b199? is ao||gr|||| 00| 0 spa d | ||
| 040 |
_aCO-JMCR _cCO-JMCR |
||
| 041 | 0 | _aspa | |
| 082 | 0 | 4 |
_a770 / _bI851f _223 |
| 100 | 1 |
_aIsod, Liliana, _eeditora _936604 |
|
| 245 | 1 | 0 |
_aFotógrafos en la calle / _cLiliana Isod |
| 260 |
_aIsrael : _bBasvichCrea, _c[199?] |
||
| 300 |
_a80 páginas : _bilustraciones y fotografías a color ; _c20 x 25 cm. |
||
| 650 | 1 | 4 |
_aFotografías _zIsrael _936605 |
| 942 |
_2ddc _cBK |
||
| 999 |
_c15511 _d15511 |
||